Who is safe pt. 2 sudden death - Statistics

General Stats
  • This quiz has been taken 13 times
  • The average score is 9 of 27
Answers on the Grid
Answers color-coded by a green-red scale on the quiz's grid according to % correct below.
1
2
3
4
5
6
7
8
9
10
11
12
13
14
15
16
17
18
19
20
21
22
23
24
25
26
27
28
29
30
 
Answer Stats
Answer % Correct
2
69%
4
69%
1
54%
3
54%
10
46%
7
46%
11
38%
17
38%
18
38%
27
38%
30
38%
5
38%
16
31%
23
31%
28
31%
29
31%
8
31%
12
23%
14
23%
19
23%
20
23%
21
23%
24
23%
25
23%
26
23%
9
15%
13
8%
No matching quizzes found
Score Distribution
Percent of People with Each Score
Percentile by Number Answered
Your Score History
You have not taken this quiz